000 02039nam a2200433 a 4500
100 1 _aГранитски, Иван
_qДимитров, Иван Йорданов
_d1953-
_gЖурналист, литературен критик, теоретик и историк, поет, публицист и издател.
_eпърви автор
_955767
999 _c180240
_d180240
003 BLK
005 20240229004023.0
008 180411b bul|||||r ||||||| ||bul||
010 _aKNG00189078000
020 _a978-954-09-1013-0
040 _aBLK
041 _aBUL
_cBUL
072 _2bullib
_aН82
_xЛитературознание Н
_9178274
080 _aБългарска литература
_b821.163.2
_x(092)
_z821.163.2(092)
080 _aБългарска литература
_b821.163.2
_x-1.09
_z821.163.2-1.09
080 _aИзобразителни изкуства и художествени занаяти
_b73/76
_x.071.1(497.2)(092)
_z73/76.071.1(497.2)(092)
080 _aБиографии
_b929
_x(497.2)
_z929(497.2)
139 _aГранитски, Иван
_bГ 77
245 1 0 _aОбраз и метафора
_cИван Гранитски.
257 _aBGR
260 _bЗахарий Стоянов
_c2016
_fСофия : Д. Благоев
_aСофия
300 _a424 с.
_bс цв. ил.
_c24Х22 см
380 _a82
500 _aИван Гранитски - псевд. на Иван Йорданов Димитров.
650 4 _aБългарска литература - история и критика
_9287605
650 4 _aХудожници, български - творчество
_9280337
650 4 _aПоети, български - творчество
_9250545
653 _aбългарска литература
653 _aпоети
659 _aН
852 _aЦб 281442
856 4 _qpdf
856 4 _qpdf
942 _cKNG
_n0
_01
944 _aCR
_c07.07.2016
_k
_lCRON CRON
944 _aED
_c23.11.2016
_kСимона_Петрова
999 _d180240